<?xml version="1.0" encoding="UTF-8"?>
<record
    xmlns:xsi="http://www.w3.org/2001/XMLSchema-instance"
    xsi:schemaLocation="http://www.loc.gov/MARC21/slim http://www.loc.gov/standards/marcxml/schema/MARC21slim.xsd"
    xmlns="http://www.loc.gov/MARC21/slim">

  <leader>02678nam0a2200397   4500</leader>
  <controlfield tag="001">RU\NLR\bibl\1495283</controlfield>
  <controlfield tag="005">20250616014221.0</controlfield>
  <datafield tag="010" ind1=" " ind2=" ">
    <subfield code="a">978-5-98573-067-8</subfield>
    <subfield code="9">500</subfield>
  </datafield>
  <datafield tag="021" ind1=" " ind2=" ">
    <subfield code="a">RU</subfield>
    <subfield code="b">2010-11436</subfield>
    <subfield code="9">756</subfield>
  </datafield>
  <datafield tag="035" ind1=" " ind2=" ">
    <subfield code="a">(nilc)RSL-KNO-004585145</subfield>
  </datafield>
  <datafield tag="035" ind1=" " ind2=" ">
    <subfield code="a">(NLR Aleph) 001486792</subfield>
  </datafield>
  <datafield tag="090" ind1=" " ind2=" ">
    <subfield code="a">1738215</subfield>
    <subfield code="c">1738215</subfield>
  </datafield>
  <datafield tag="100" ind1=" " ind2=" ">
    <subfield code="a">20100226d2009    |||y0rusy50      ca</subfield>
  </datafield>
  <datafield tag="101" ind1="0" ind2=" ">
    <subfield code="a">rus</subfield>
  </datafield>
  <datafield tag="102" ind1=" " ind2=" ">
    <subfield code="a">RU</subfield>
  </datafield>
  <datafield tag="105" ind1=" " ind2=" ">
    <subfield code="a">a   |||||||||</subfield>
  </datafield>
  <datafield tag="200" ind1="1" ind2=" ">
    <subfield code="a">&#x41C;&#x430;&#x448;&#x438;&#x43D;&#x44B; &#x438; &#x43C;&#x435;&#x445;&#x430;&#x43D;&#x438;&#x437;&#x43C;&#x44B;</subfield>
    <subfield code="e">&#x443;&#x447;&#x435;&#x431;&#x43D;&#x43E;&#x435; &#x43F;&#x43E;&#x441;&#x43E;&#x431;&#x438;&#x435; &#x434;&#x43B;&#x44F; &#x441;&#x442;&#x443;&#x434;&#x435;&#x43D;&#x442;&#x43E;&#x432; &#x432;&#x44B;&#x441;&#x448;&#x438;&#x445; &#x443;&#x447;&#x435;&#x431;&#x43D;&#x44B;&#x445; &#x437;&#x430;&#x432;&#x435;&#x434;&#x435;&#x43D;&#x438;&#x439;, &#x43E;&#x431;&#x443;&#x447;&#x430;&#x44E;&#x449;&#x438;&#x445;&#x441;&#x44F; &#x43F;&#x43E; &#x441;&#x43F;&#x435;&#x446;&#x438;&#x430;&#x43B;&#x44C;&#x43D;&#x43E;&#x441;&#x442;&#x438; 260500 (250203) "&#x421;&#x430;&#x434;&#x43E;&#x432;&#x43E;-&#x43F;&#x430;&#x440;&#x43A;&#x43E;&#x432;&#x43E;&#x435; &#x438; &#x43B;&#x430;&#x43D;&#x434;&#x448;&#x430;&#x444;&#x442;&#x43D;&#x43E;&#x435; &#x441;&#x442;&#x440;&#x43E;&#x438;&#x442;&#x435;&#x43B;&#x44C;&#x441;&#x442;&#x432;&#x43E;"</subfield>
    <subfield code="f">&#x410;. &#x41D;. &#x417;&#x430;&#x438;&#x43A;&#x438;&#x43D;, &#x410;.&#x410;. &#x417;&#x43E;&#x43B;&#x43E;&#x442;&#x430;&#x440;&#x435;&#x432;&#x441;&#x43A;&#x438;&#x439;, &#x415;.&#x418;. &#x41F;&#x43B;&#x430;&#x442;&#x43E;&#x43D;&#x43E;&#x432; [&#x438; &#x434;&#x440;.]</subfield>
    <subfield code="g">&#x43F;&#x43E;&#x434; &#x440;&#x435;&#x434;. &#x43A;.&#x442;.&#x43D;., &#x43F;&#x440;&#x43E;&#x444;., &#x447;&#x43B;.-&#x43A;&#x43E;&#x440;. &#x420;&#x410;&#x415;&#x41D; &#x417;&#x43E;&#x43B;&#x43E;&#x442;&#x430;&#x440;&#x435;&#x432;&#x441;&#x43A;&#x43E;&#x433;&#x43E; &#x410;. &#x410;.</subfield>
    <subfield code="g">&#x413;&#x43E;&#x441;. &#x43E;&#x431;&#x440;&#x430;&#x437;&#x43E;&#x432;&#x430;&#x442;&#x435;&#x43B;&#x44C;&#x43D;&#x44B;&#x435; &#x443;&#x447;&#x440;&#x435;&#x436;&#x434;&#x435;&#x43D;&#x438;&#x44F; &#x432;&#x44B;&#x441;&#x448;. &#x43F;&#x440;&#x43E;&#x444;. &#x43E;&#x431;&#x440;&#x430;&#x437;&#x43E;&#x432;&#x430;&#x43D;&#x438;&#x44F;"&#x411;&#x440;&#x44F;&#x43D;&#x441;&#x43A;&#x438;&#x439; &#x433;&#x43E;&#x441;. &#x438;&#x43D;&#x436;&#x435;&#x43D;&#x435;&#x440;&#x43D;&#x43E;-&#x442;&#x435;&#x445;&#x43D;&#x43E;&#x43B;&#x43E;&#x433;&#x438;&#x447;&#x435;&#x441;&#x43A;&#x430;&#x44F; &#x430;&#x43A;&#x430;&#x434;.", "&#x41C;&#x43E;&#x441;&#x43A;&#x43E;&#x432;&#x441;&#x43A;&#x438;&#x439; &#x433;&#x43E;&#x441;. &#x443;&#x43D;-&#x442; &#x43B;&#x435;&#x441;&#x430;"</subfield>
  </datafield>
  <datafield tag="210" ind1=" " ind2=" ">
    <subfield code="a">&#x411;&#x440;&#x44F;&#x43D;&#x441;&#x43A;</subfield>
    <subfield code="c">&#x411;&#x413;&#x418;&#x422;&#x410;</subfield>
    <subfield code="d">2009</subfield>
  </datafield>
  <datafield tag="215" ind1=" " ind2=" ">
    <subfield code="a">95 &#x441;.</subfield>
    <subfield code="c">&#x438;&#x43B;., &#x442;&#x430;&#x431;&#x43B;.</subfield>
    <subfield code="d">20</subfield>
  </datafield>
  <datafield tag="320" ind1=" " ind2=" ">
    <subfield code="a">&#x411;&#x438;&#x431;&#x43B;&#x438;&#x43E;&#x433;&#x440;.: &#x441;. 82</subfield>
  </datafield>
  <datafield tag="606" ind1="1" ind2=" ">
    <subfield code="a">&#x421;&#x430;&#x434;&#x43E;&#x432;&#x43E;-&#x43F;&#x430;&#x440;&#x43A;&#x43E;&#x432;&#x43E;&#x435; &#x445;&#x43E;&#x437;&#x44F;&#x439;&#x441;&#x442;&#x432;&#x43E;</subfield>
    <subfield code="j">&#x423;&#x447;&#x435;&#x431;&#x43D;&#x44B;&#x435; &#x438;&#x437;&#x434;&#x430;&#x43D;&#x438;&#x44F; &#x434;&#x43B;&#x44F; &#x432;&#x44B;&#x441;&#x448;&#x438;&#x445; &#x443;&#x447;&#x435;&#x431;&#x43D;&#x44B;&#x445; &#x437;&#x430;&#x432;&#x435;&#x434;&#x435;&#x43D;&#x438;&#x439;</subfield>
    <subfield code="x">&#x41C;&#x435;&#x445;&#x430;&#x43D;&#x438;&#x437;&#x430;&#x446;&#x438;&#x44F;</subfield>
    <subfield code="9">2235219</subfield>
    <subfield code="3">RU\NLR\auth\661341464</subfield>
  </datafield>
  <datafield tag="610" ind1="0" ind2=" ">
    <subfield code="a">&#x421;&#x435;&#x43B;&#x44C;&#x441;&#x43A;&#x43E;&#x435; &#x438; &#x43B;&#x435;&#x441;&#x43D;&#x43E;&#x435; &#x445;&#x43E;&#x437;&#x44F;&#x439;&#x441;&#x442;&#x432;&#x43E;. &#x421;&#x435;&#x43B;&#x44C;&#x441;&#x43A;&#x43E;&#x445;&#x43E;&#x437;&#x44F;&#x439;&#x441;&#x442;&#x432;&#x435;&#x43D;&#x43D;&#x44B;&#x435; &#x438; &#x43B;&#x435;&#x441;&#x43E;&#x445;&#x43E;&#x437;&#x44F;&#x439;&#x441;&#x442;&#x432;&#x435;&#x43D;&#x43D;&#x44B;&#x435; &#x43D;&#x430;&#x443;&#x43A;&#x438; -- &#x41C;&#x435;&#x445;&#x430;&#x43D;&#x438;&#x437;&#x430;&#x446;&#x438;&#x44F; &#x438; &#x44D;&#x43B;&#x435;&#x43A;&#x442;&#x440;&#x438;&#x444;&#x438;&#x43A;&#x430;&#x446;&#x438;&#x44F; &#x441;&#x435;&#x43B;&#x44C;&#x441;&#x43A;&#x43E;&#x433;&#x43E; &#x445;&#x43E;&#x437;&#x44F;&#x439;&#x441;&#x442;&#x432;&#x430;. &#x410;&#x432;&#x438;&#x430;&#x446;&#x438;&#x44F; &#x432; &#x441;&#x435;&#x43B;&#x44C;&#x441;&#x43A;&#x43E;&#x43C; &#x445;&#x43E;&#x437;&#x44F;&#x439;&#x441;&#x442;&#x432;&#x435; -- &#x422;&#x440;&#x430;&#x43A;&#x442;&#x43E;&#x440;&#x44B;, &#x441;&#x435;&#x43B;&#x44C;&#x441;&#x43A;&#x43E;&#x445;&#x43E;&#x437;&#x44F;&#x439;&#x441;&#x442;&#x432;&#x435;&#x43D;&#x43D;&#x44B;&#x435; &#x43C;&#x430;&#x448;&#x438;&#x43D;&#x44B; &#x438; &#x43E;&#x440;&#x443;&#x434;&#x438;&#x44F; -- &#x41F;&#x43E;&#x447;&#x432;&#x43E;&#x43E;&#x431;&#x440;&#x430;&#x431;&#x430;&#x442;&#x44B;&#x432;&#x430;&#x44E;&#x449;&#x438;&#x435; &#x43C;&#x430;&#x448;&#x438;&#x43D;&#x44B; &#x438; &#x43E;&#x440;&#x443;&#x434;&#x438;&#x44F; -- &#x414;&#x440;&#x443;&#x433;&#x438;&#x435; &#x43C;&#x430;&#x448;&#x438;&#x43D;&#x44B; &#x43F;&#x43E; &#x43F;&#x43E;&#x434;&#x433;&#x43E;&#x442;&#x43E;&#x432;&#x43A;&#x435; &#x43F;&#x43E;&#x447;&#x432;&#x44B; &#x43A; &#x43F;&#x43E;&#x441;&#x435;&#x432;&#x443; -- &#x423;&#x447;&#x435;&#x431;&#x43D;&#x438;&#x43A; &#x434;&#x43B;&#x44F; &#x432;&#x44B;&#x441;&#x448;&#x435;&#x439; &#x448;&#x43A;&#x43E;&#x43B;&#x44B;</subfield>
  </datafield>
  <datafield tag="686" ind1=" " ind2=" ">
    <subfield code="a">&#x41F;072.5&#x44F;73-1</subfield>
    <subfield code="2">rubbk</subfield>
  </datafield>
  <datafield tag="686" ind1=" " ind2=" ">
    <subfield code="a">&#x41F;072.29&#x44F;73-1</subfield>
    <subfield code="2">rubbk</subfield>
  </datafield>
  <datafield tag="686" ind1=" " ind2=" ">
    <subfield code="a">&#x41F;072.527-02&#x44F;73</subfield>
  </datafield>
  <datafield tag="701" ind1=" " ind2="1">
    <subfield code="a">&#x417;&#x430;&#x438;&#x43A;&#x438;&#x43D;</subfield>
    <subfield code="b">&#x410;. &#x41D;.</subfield>
    <subfield code="g">&#x410;&#x43D;&#x430;&#x442;&#x43E;&#x43B;&#x438;&#x439; &#x41D;&#x438;&#x43A;&#x43E;&#x43B;&#x430;&#x435;&#x432;&#x438;&#x447;</subfield>
    <subfield code="4">070</subfield>
  </datafield>
  <datafield tag="701" ind1=" " ind2="1">
    <subfield code="a">&#x41F;&#x43B;&#x430;&#x442;&#x43E;&#x43D;&#x43E;&#x432;</subfield>
    <subfield code="b">&#x415;. &#x418;.</subfield>
    <subfield code="g">&#x415;&#x433;&#x43E;&#x440; &#x418;&#x43B;&#x44C;&#x438;&#x447;</subfield>
    <subfield code="4">070</subfield>
  </datafield>
  <datafield tag="701" ind1=" " ind2="1">
    <subfield code="a">&#x417;&#x43E;&#x43B;&#x43E;&#x442;&#x430;&#x440;&#x435;&#x432;&#x441;&#x43A;&#x438;&#x439;</subfield>
    <subfield code="b">&#x410;. &#x410;.</subfield>
    <subfield code="g">&#x410;&#x43B;&#x435;&#x43A;&#x441;&#x430;&#x43D;&#x434;&#x440; &#x410;&#x43B;&#x435;&#x43A;&#x441;&#x435;&#x435;&#x432;&#x438;&#x447;</subfield>
    <subfield code="4">070</subfield>
  </datafield>
  <datafield tag="801" ind1=" " ind2="0">
    <subfield code="a">RU</subfield>
    <subfield code="b">&#x420;&#x413;&#x411;</subfield>
    <subfield code="c">20100226</subfield>
    <subfield code="g">rcr</subfield>
  </datafield>
  <datafield tag="801" ind1=" " ind2="1">
    <subfield code="a">RU</subfield>
    <subfield code="b">&#x420;&#x413;&#x411;</subfield>
    <subfield code="c">20100226</subfield>
  </datafield>
  <datafield tag="801" ind1=" " ind2="2">
    <subfield code="a">RU</subfield>
    <subfield code="b">NLR</subfield>
    <subfield code="c">20100407</subfield>
    <subfield code="g">rcr</subfield>
  </datafield>
  <datafield tag="830" ind1=" " ind2=" ">
    <subfield code="a">&#x430;&#x432;&#x442;. &#x43F;&#x43E; &#x43A;&#x43D;.</subfield>
  </datafield>
  <datafield tag="942" ind1=" " ind2=" ">
    <subfield code="c">BOOK</subfield>
  </datafield>
  <datafield tag="980" ind1=" " ind2=" ">
    <subfield code="a">NB</subfield>
  </datafield>
  <datafield tag="980" ind1=" " ind2=" ">
    <subfield code="a">NBR</subfield>
  </datafield>
  <datafield tag="995" ind1=" " ind2=" ">
    <subfield code="5">2010-04-07</subfield>
    <subfield code="a">ad</subfield>
    <subfield code="b">NLR01</subfield>
    <subfield code="c">NLR01</subfield>
    <subfield code="e">RF8</subfield>
    <subfield code="f">3143034</subfield>
    <subfield code="k">2010-4/5004</subfield>
    <subfield code="o">0</subfield>
    <subfield code="r">BOOK</subfield>
    <subfield code="s">201045004_</subfield>
  </datafield>
</record>
